000 02461nam a2200361 i 4500
001 000028728
003 DO-SdBNP
005 20250116123441.0
007 ta
008 110411s2010 dr r 001 0 spa d
020 _a9789945443516
040 _aDO-SdBNP
_bspa
_cBNPHU
_erda
082 4 _222
245 0 0 _aDos coloquios sobre la obra de Juan Bosch.
_cBruno Rosario Candelier, Jeannette Miller, JoséEnrique García, León David, Ángela Hernández, Manuel A. García Arévalo, José Chez Checo
264 _aSanto Domingo :
_bBanco Central de la República Dominicana,
_c2010.
300 _a189 páginas ;
_c23 cm.
336 _2rdacontent
_atexto
_btxt
337 _2rdamedia
_asin mediació
_bnc
338 _2rdacarrier
_avolumen
_bn
490 1 _aBanco Central de la República Dominicana, Departamento Cultura
_v130
490 1 _aArte y literatura
_v54
505 0 _gPrimer coloquio --
_tPresentación /
_rJosé Alcántara Almánzar --
_tEl aliento telúrico en la narrativa de Juan Bosch /
_rBruno Rosario Candelier --
_tLa mañosa: una excelente fotografía de los inicios del siglo xx dominicano /
_rJeannette Miller --
_tGuaraguaos. Impulsos de la tragedia griega en un cuento de Juan Bosch /
_rJosé Enrique García --
_tLa problemática social en tres cuentos de Juan Bosch /
_rLeón David --
_tRumbo al puerto de origen, un relato pleno de simbologías /
_rÁngela Hernández --
_gSegundo coloquio --
_tPresentación /
_rJosé Alcántara Almánzar --
_tJuan Bosch y el indigenismo dominicano /
_rManuel A. García Arévalo --
_tTrujillo, causas de una tiranía sin ejemplo de Juan Bosch: una lectura historiográfica /
_rJosé Chez Checo --
_tComposición social dominicana: 40 años después /
_rMu-Kien Adriana Sang Ben --
_tDiscurso político y construcción democrática Juan Bosch y su libro: crisis de la democracia de América en la República Dominicana /
_rWilfredo Lozano --
_tEl Caribe: Bosch dialoga con Eric Williams y Moya Pons /
_rDavid Álvarez Martín --
_tíndice onomástico --
_tColección del Banco Central de la República Dominicana --
590 _aInventariado, 2023/BT
700 1 _aRosario Candelier, Bruno,
_d1941-
_9851
700 1 _aMiller, Jeannette,
_d1944-
_983484
700 1 _aGarcía, José Enrique,
_d1948-
_922487
700 1 _aLeón David
_d1945-
_984930
700 1 _aHernández, Ángela
_982384
700 1 _aGarcía Arévalo, Manuel A.
_982302
700 1 _4Chez Checo, José
910 _aBtavárez
942 _2ddc
_cLBS1
999 _c28220
_d28220